Geometrical probability /
Guardado en:
| Autor Principal: | |
|---|---|
| Otros Autores: | |
| Formato: | Libro |
| Idioma: | English |
| Publicado: |
London :
Griffin,
1963.
|
| Series: | Griffin's statistical monographs & courses ;
no. 10 |
| Etiquetas: |
Agregar Etiqueta
Sin Etiquetas, Sea el primero en etiquetar este registro!
|
| LEADER | 00676cam a22001935 4500 | ||
|---|---|---|---|
| 001 | MAT.inmabb001722 | ||
| 008 | 840717s1963####enka#####b####001#0#eng#d | ||
| 005 | 20130225151946.0 | ||
| 245 | 1 | 0 | |a Geometrical probability / |c M.G. Kendall and P.A.P. Moran. |
| 260 | |a London : |b Griffin, |c 1963. | ||
| 300 | |a 125 p. : |b il. ; |c 22 cm. | ||
| 440 | 0 | |a Griffin's statistical monographs & courses ; |v no. 10 | |
| 504 | |a Bibliografía: p. 119-124. | ||
| 510 | 4 | |a MR, |c 30 #4275 | |
| 100 | 1 | |a Kendall, Maurice G. |q (Maurice George), |d 1907-1983. | |
| 700 | 1 | |a Moran, P. A. P. |q (Patrick Alfred Pierce), |d 1917- | |
| 084 | |a 60D05 |2 msc2000 | ||
| 010 | |a 63003116 | ||
| 859 | |h 60 |i K33 |p A-3054 |b BIB. MATEMATICA | ||
